[Event "CYCC U10"]
[Site "Ottawa CAN"]
[Date "2007.07.03"]
[Round "1"]
[White "Brichko, Michael"]
[Black "Dumais, Remi"]
[Result "1-0"]
[WhiteElo "1364"]
[BlackElo "944"]
[PlyCount "37"]
[GameId "2160767910650695"]
[EventDate "2007.07.03"]
[EventType "swiss"]
[EventRounds "7"]
[EventCountry "CAN"]
[SourceTitle "EXT 2022"]
[Source "ChessBase"]
[SourceDate "2021.10.06"]
[SourceVersion "1"]
[SourceVersionDate "2021.10.06"]
[SourceQuality "1"]

1. e4 e5 2. Nf3 Nc6 3. Bc4 Nf6 4. d3 Bd6 5. Nc3 O-O 6. Bg5 Bc5 7. O-O d6 8. h3 Bd7 9. Nd5 Nb4 10. Nxf6+ Kh8 11. Nxh7 Qc8 12. Nxf8 Qxf8 13. a3 Nc6 14. Nh4 Nd4 15. Qh5+ Kg8 16. Ng6 Ne2+ 17. Qxe2 Bd4 18. Qh5 Be6 19. Qh8# 1-0

[Event "CYCC U10"]
[Site "Ottawa CAN"]
[Date "2007.07.03"]
[Round "1"]
[White "Dorrance, Adam"]
[Black "Patenaude, Roch"]
[Result "1-0"]
[WhiteElo "1484"]
[BlackElo "999"]
[PlyCount "59"]
[GameId "2160767910650696"]
[EventDate "2007.07.03"]
[EventType "swiss"]
[EventRounds "7"]
[EventCountry "CAN"]
[SourceTitle "EXT 2022"]
[Source "ChessBase"]
[SourceDate "2021.10.06"]
[SourceVersion "1"]
[SourceVersionDate "2021.10.06"]
[SourceQuality "1"]

1. d4 f5 2. c4 e6 3. Nc3 d5 4. Bf4 Be7 5. Nf3 Bf6 6. e3 dxc4 7. Bxc4 Ne7 8. O-O Bd7 9. Qb3 O-O 10. Bxe6+ Bxe6 11. Qxe6+ Kh8 12. Ne5 Qe8 13. Nd5 Bxe5 14. Qxe5 Qf7 15. Qxe7 Qxd5 16. Qxf8+ Qg8 17. Qxg8+ Kxg8 18. Bxc7 Na6 19. Rac1 Nb4 20. a3 Na2 21. Ra1 h5 22. Rxa2 b5 23. b4 Rc8 24. Bf4 Rc6 25. d5 Rg6 26. d6 h4 27. d7 Re6 28. d8=Q+ Kh7 29. Qxh4+ Rh6 30. Qg5 1-0

[Event "CYCC U10"]
[Site "Ottawa CAN"]
[Date "2007.07.03"]
[Round "1"]
[White "Karavai, Algerd"]
[Black "Jensen, Jacob"]
[Result "0-1"]
[WhiteElo "1075"]
[BlackElo "1335"]
[PlyCount "52"]
[GameId "2160767910650698"]
[EventDate "2007.07.03"]
[EventType "swiss"]
[EventRounds "7"]
[EventCountry "CAN"]
[SourceTitle "EXT 2022"]
[Source "ChessBase"]
[SourceDate "2021.10.06"]
[SourceVersion "1"]
[SourceVersionDate "2021.10.06"]
[SourceQuality "1"]

1. e4 c5 2. Nf3 d6 3. Bc4 Nf6 4. Ng5 e6 5. d3 Be7 6. Nf3 O-O 7. O-O a6 8. Nc3 b5 9. Bb3 Bb7 10. a3 Nbd7 11. Be3 Nb6 12. h3 d5 13. e5 Nfd7 14. Bf4 Qc7 15. Re1 Rfe8 16. Ne2 Rad8 17. Rc1 c4 18. Ba2 Bc5 19. dxc4 dxc4 20. Ra1 Nf8 21. Qc1 Qc6 22. Ng3 Ng6 23. b4 cxb3 24. Bxb3 Rd4 25. Rd1 Rxd1+ 26. Qxd1 Nxf4 0-1

[Event "CYCC U10"]
[Site "Ottawa CAN"]
[Date "2007.07.03"]
[Round "1"]
[White "Lai, Peter"]
[Black "Desbiens, Jonathan"]
[Result "1-0"]
[WhiteElo "1549"]
[BlackElo "1074"]
[PlyCount "63"]
[GameId "2160767910650699"]
[EventDate "2007.07.03"]
[EventType "swiss"]
[EventRounds "7"]
[EventCountry "CAN"]

1. d4 d5 2. c4 dxc4 3. Nf3 Nf6 4. e3 Bg4 5. Bxc4 e6 6. O-O Nc6 7. Nbd2 Bb4 8. Qc2 Bf5 9. e4 Bg4 10. Bb5 Bxd2 11. Nxd2 Qd7 12. Nb3 a6 13. Bxc6 bxc6 14. Bg5 h6 15. Bxf6 gxf6 16. Rac1 f5 17. exf5 Bxf5 18. Qxc6 Qxc6 19. Rxc6 Rc8 20. Rfc1 Kd7 21. Rxa6 Bd3 22. Rac6 Bb5 23. R6c5 Ba4 24. Na5 Kd6 25. Nb7+ Kd7 26. b3 Bxb3 27. axb3 Rhe8 28. f4 Re7 29. R5c4 Ke8 30. Nd6+ cxd6 31. Rxc8+ Kd7 32. R1c7# 1-0

[Event "CYCC U10"]
[Site "Ottawa CAN"]
[Date "2007.07.03"]
[Round "1"]
[White "Levesque, Brale"]
[Black "Sreeraman, Shreyas"]
[Result "1-0"]
[WhiteElo "1224"]
[BlackElo "1061"]
[PlyCount "103"]
[GameId "2160767910650700"]
[EventDate "2007.07.03"]
[EventType "swiss"]
[EventRounds "7"]
[EventCountry "CAN"]
[SourceTitle "EXT 2022"]
[Source "ChessBase"]
[SourceDate "2021.10.06"]
[SourceVersion "1"]
[SourceVersionDate "2021.10.06"]
[SourceQuality "1"]

1. e4 e5 2. Nf3 Nc6 3. Bc4 Nf6 4. c3 Nxe4 5. Qb3 Qe7 6. Bxf7+ Qxf7 7. d3 Nc5 8. Qc4 Qxc4 9. dxc4 e4 10. Nfd2 d6 11. b4 Nd7 12. b5 Nce5 13. Na3 Nf6 14. O-O Bf5 15. Bb2 O-O-O 16. Rfd1 Nd3 17. Rab1 d5 18. cxd5 Nxb2 19. Rxb2 Bxa3 20. Rb3 Bc5 21. Re1 Ng4 22. Nxe4 Bxe4 23. Rxe4 Nxf2 24. Re2 Nh3+ 25. Kf1 Rhf8+ 26. Ke1 Rxd5 27. gxh3 Rdf5 28. Kd2 Rd8+ 29. Kc2 Rh5 30. c4 c6 31. bxc6 bxc6 32. Kc1 Be7 33. Rxe7 Rh4 34. Rbb7 Rxc4+ 35. Kb2 Rd2+ 36. Kb3 Rdd4 37. Rxg7 Rc1 38. Ka3 Rc3+ 39. Kb2 Rdd3 40. Rbf7 Rd8 41. Kxc3 Kb8 42. Kb4 Rd4+ 43. Kc5 Rd8 44. Kxc6 Rc8+ 45. Rc7 Rxc7+ 46. Rxc7 a6 47. Kb6 h5 48. Kc6 h4 49. Rd7 Kc8 50. Rc7+ Kd8 51. Ra7 Kc8 52. Ra8# 1-0

[Event "CYCC U10"]
[Site "Ottawa CAN"]
[Date "2007.07.03"]
[Round "1"]
[White "Luo, Zhao Yang"]
[Black "Jean, Justin"]
[Result "1-0"]
[WhiteElo "1284"]
[BlackElo "1157"]
[PlyCount "111"]
[GameId "2160767910650701"]
[EventDate "2007.07.03"]
[EventType "swiss"]
[EventRounds "7"]
[EventCountry "CAN"]
[SourceTitle "EXT 2022"]
[Source "ChessBase"]
[SourceDate "2021.10.06"]
[SourceVersion "1"]
[SourceVersionDate "2021.10.06"]
[SourceQuality "1"]

1. e4 c5 2. Nf3 Nc6 3. d4 cxd4 4. Nxd4 Nf6 5. Nc3 d6 6. Be2 g6 7. Be3 Bg7 8. O-O O-O 9. f4 e5 10. Ndb5 Ne8 11. Na4 exf4 12. Bxf4 Be5 13. Bxe5 dxe5 14. Qxd8 Nxd8 15. Nc5 b6 16. Nd3 Nc6 17. Na3 Kg7 18. Rac1 Nf6 19. Bf3 Bb7 20. Nc4 Rfe8 21. Nd6 Reb8 22. Nxb7 Rxb7 23. Rfd1 Rd8 24. Nf2 Rxd1+ 25. Rxd1 Rd7 26. c3 Rxd1+ 27. Nxd1 a5 28. Ne3 h5 29. Nd5 Nxd5 30. exd5 Nb8 31. Kf2 Kf6 32. Ke3 Kf5 33. h3 g5 34. g4+ hxg4 35. Bxg4+ Kg6 36. Ke4 f5+ 37. Bxf5+ Kf6 38. d6 g4 39. hxg4 b5 40. d7 Nxd7 41. Bxd7 b4 42. cxb4 axb4 43. Bf5 Ke7 44. Kxe5 Kd8 45. g5 Kc7 46. g6 Kb6 47. g7 Kc5 48. g8=Q b3 49. Qd5+ Kb4 50. Qxb3+ Kc5 51. Qd3 Kb4 52. Qc3+ Ka4 53. Qb3+ Ka5 54. a4 Ka6 55. Bc8+ Ka7 56. Qb7# 1-0

[Event "CYCC U10"]
[Site "Ottawa CAN"]
[Date "2007.07.03"]
[Round "1"]
[White "McCleary, Reuben"]
[Black "Liu, Steven2"]
[Result "0-1"]
[WhiteElo "1075"]
[BlackElo "1561"]
[PlyCount "34"]
[GameId "2160767910650702"]
[EventDate "2007.07.03"]
[EventType "swiss"]
[EventRounds "7"]
[EventCountry "CAN"]
[SourceTitle "EXT 2022"]
[Source "ChessBase"]
[SourceDate "2021.10.06"]
[SourceVersion "1"]
[SourceVersionDate "2021.10.06"]
[SourceQuality "1"]

1. e4 c6 2. d4 d5 3. Nc3 dxe4 4. Nxe4 Bf5 5. Bd3 Qxd4 6. Ng3 Bxd3 7. cxd3 Nf6 8. Nf3 Qd8 9. O-O e6 10. Bg5 Be7 11. Rc1 h6 12. Bh4 g5 13. Nxg5 hxg5 14. Bxg5 Nbd7 15. Re1 Nd5 16. Bxe7 Qxe7 17. Nf5 Qb4 0-1

[Event "CYCC U10"]
[Site "Ottawa CAN"]
[Date "2007.07.03"]
[Round "1"]
[White "Sabaratnam, Thiruvaran"]
[Black "Gauvin, Mathieu"]
[Result "1-0"]
[WhiteElo "1464"]
[BlackElo "977"]
[PlyCount "29"]
[GameId "2160767910650704"]
[EventDate "2007.07.03"]
[EventType "swiss"]
[EventRounds "7"]
[EventCountry "CAN"]
[SourceTitle "EXT 2022"]
[Source "ChessBase"]
[SourceDate "2021.10.06"]
[SourceVersion "1"]
[SourceVersionDate "2021.10.06"]
[SourceQuality "1"]

1. e4 e5 2. Nf3 c6 3. d3 d5 4. exd5 cxd5 5. Nc3 d4 6. Ne4 Qd5 7. Be2 f5 8. Ng3 f4 9. Ne4 Be6 10. Bd2 Qc6 11. Nxe5 Bd6 12. Nxc6 Nxc6 13. Nxd6+ Ke7 14. Bxf4 Rd8 15. Nxb7 1-0

[Event "CYCC U10"]
[Site "Ottawa CAN"]
[Date "2007.07.03"]
[Round "1"]
[White "Yang, Bryant"]
[Black "Mongenais, Jacob"]
[Result "1/2-1/2"]
[WhiteElo "1008"]
[BlackElo "1487"]
[PlyCount "42"]
[GameId "2160767910650706"]
[EventDate "2007.07.03"]
[EventType "swiss"]
[EventRounds "7"]
[EventCountry "CAN"]
[SourceTitle "EXT 2022"]
[Source "ChessBase"]
[SourceDate "2021.10.06"]
[SourceVersion "1"]
[SourceVersionDate "2021.10.06"]
[SourceQuality "1"]

1. e4 e5 2. Nf3 Nc6 3. Bb5 Bc5 4. O-O d6 5. d3 Bd7 6. Bc4 Nf6 7. Nc3 O-O 8. Qe2 Re8 9. Be3 Bd4 10. Bxd4 Nxd4 11. Nxd4 exd4 12. Nd5 Ng4 13. h3 Ne5 14. Bb3 c6 15. Nf4 Qf6 16. Nh5 Qg5 17. Ng3 g6 18. c3 c5 19. cxd4 cxd4 20. Bd5 Rab8 21. Rac1 h5 1/2-1/2

[Event "CYCC U10"]
[Site "Ottawa CAN"]
[Date "2007.07.03"]
[Round "1"]
[White "Zhao, Donovan"]
[Black "Swift, Ryne"]
[Result "1-0"]
[WhiteElo "1487"]
[BlackElo "1041"]
[PlyCount "117"]
[GameId "2160767910650707"]
[EventDate "2007.07.03"]
[EventType "swiss"]
[EventRounds "7"]
[EventCountry "CAN"]
[SourceTitle "EXT 2022"]
[Source "ChessBase"]
[SourceDate "2021.10.06"]
[SourceVersion "1"]
[SourceVersionDate "2021.10.06"]
[SourceQuality "1"]

1. e4 e5 2. Nf3 Nc6 3. Bc4 Bc5 4. d3 h6 5. Be3 Bb6 6. Nc3 Nf6 7. Qd2 Bxe3 8. fxe3 d6 9. O-O O-O 10. d4 Re8 11. Rae1 Bd7 12. Nh4 Na5 13. Bd3 Nc6 14. Nf3 Bg4 15. Be2 exd4 16. exd4 Nxe4 17. Nxe4 Rxe4 18. c3 Bxf3 19. Rxf3 Qg5 20. Qxg5 hxg5 21. Kf2 Rae8 22. Rf5 Rf4+ 23. Rxf4 gxf4 24. Rf1 g5 25. Bb5 Re7 26. Kf3 f5 27. Kf2 Nd8 28. h4 g4 29. Kg1 a6 30. Bd3 g3 31. Rxf4 Re1+ 32. Rf1 Rxf1+ 33. Kxf1 f4 34. Ke2 Kg7 35. Bf5 Kf6 36. Bg4 c5 37. Kf3 cxd4 38. cxd4 Nc6 39. Kxf4 Nxd4 40. Kxg3 b5 41. Kf4 d5 42. Bd1 a5 43. g4 Ne6+ 44. Ke3 Ke5 45. h5 d4+ 46. Kf3 Ng5+ 47. Kg3 Ke4 48. Bc2+ d3 49. Bxd3+ Kxd3 50. Kf4 Nf7 51. g5 b4 52. g6 Nh6 53. Kg5 Kc2 54. Kxh6 Kxb2 55. g7 Kxa2 56. g8=Q+ b3 57. Qa8 Ka3 58. Qxa5+ Kb2 59. Qb4 1-0

[Event "CYCC U10"]
[Site "Ottawa CAN"]
[Date "2007.07.03"]
[Round "2"]
[White "Desbiens, Jonathan"]
[Black "Boucher, Maxime"]
[Result "1-0"]
[WhiteElo "1074"]
[BlackElo "964"]
[PlyCount "23"]
[GameId "2160767910650708"]
[EventDate "2007.07.03"]
[EventType "swiss"]
[EventRounds "7"]
[EventCountry "CAN"]
[SourceTitle "EXT 2022"]
[Source "ChessBase"]
[SourceDate "2021.10.06"]
[SourceVersion "1"]
[SourceVersionDate "2021.10.06"]
[SourceQuality "1"]

1. e4 e5 2. Nf3 Nc6 3. Bc4 Nf6 4. d4 Nxe4 5. dxe5 Na5 6. Bd3 Bb4+ 7. c3 Nc5 8. cxb4 Nxd3+ 9. Qxd3 O-O 10. bxa5 b6 11. Ng5 h6 12. Qh7# 1-0

[Event "CYCC U10"]
[Site "Ottawa CAN"]
[Date "2007.07.03"]
[Round "2"]
[White "Dunne, Francesco"]
[Black "Dorrance, Adam"]
[Result "0-1"]
[WhiteElo "1315"]
[BlackElo "1484"]
[PlyCount "60"]
[GameId "2160767910650709"]
[EventDate "2007.07.03"]
[EventType "swiss"]
[EventRounds "7"]
[EventCountry "CAN"]
[SourceTitle "EXT 2022"]
[Source "ChessBase"]
[SourceDate "2021.10.06"]
[SourceVersion "1"]
[SourceVersionDate "2021.10.06"]
[SourceQuality "1"]

1. e4 c6 2. d4 d5 3. Nc3 dxe4 4. Nxe4 Nd7 5. Nf3 Ngf6 6. Nxf6+ Nxf6 7. Bg5 e6 8. c4 Be7 9. Bd3 O-O 10. O-O h6 11. Be3 Qb6 12. Qd2 c5 13. dxc5 Bxc5 14. Bxc5 Qxc5 15. Rae1 b6 16. Re5 Qc7 17. Rfe1 Bb7 18. Qe3 Ng4 19. Qf4 Nxe5 20. Nxe5 f6 21. Ng6 Qxf4 22. Nxf4 Rfd8 23. Bg6 e5 24. Ne6 Rd6 25. Nc7 Rc8 26. Nb5 Rd2 27. Nxa7 Rcd8 28. Be4 Bxe4 29. Rxe4 Rd1+ 30. Re1 Rxe1# 0-1

[Event "CYCC U10"]
[Site "Ottawa CAN"]
[Date "2007.07.03"]
[Round "2"]
[White "Jean, Justin"]
[Black "Yang, Bryant"]
[Result "1-0"]
[WhiteElo "1157"]
[BlackElo "1008"]
[PlyCount "87"]
[GameId "2160767910650710"]
[EventDate "2007.07.03"]
[EventType "swiss"]
[EventRounds "7"]
[EventCountry "CAN"]
[SourceTitle "EXT 2022"]
[Source "ChessBase"]
[SourceDate "2021.10.06"]
[SourceVersion "1"]
[SourceVersionDate "2021.10.06"]
[SourceQuality "1"]

1. e4 e5 2. Nf3 Nc6 3. Bc4 Bc5 4. O-O Nf6 5. Nc3 O-O 6. d3 d6 7. Bg5 h6 8. Bd2 Qe7 9. Qe2 Bg4 10. Be3 Nd4 11. Bxd4 Bxd4 12. h3 Bxc3 13. bxc3 Be6 14. Bxe6 Qxe6 15. Rfe1 Nh5 16. d4 Nf4 17. Qe3 Rfe8 18. d5 Qg6 19. Nh4 Qg5 20. Qg3 Qxg3 21. fxg3 Nh5 22. Rab1 Nxg3 23. Kf2 g5 24. Kxg3 gxh4+ 25. Kxh4 b6 26. g4 Kh7 27. Rf1 Kg6 28. c4 f6 29. Kg3 Rh8 30. a4 a5 31. h4 h5 32. c3 Rh7 33. gxh5+ Rxh5 34. Rf2 Rf8 35. Rbf1 Rh7 36. Kg4 Rg7 37. h5+ Kh6+ 38. Kh4 Rgf7 39. Rf5 Rg7 40. Rxf6+ Rxf6 41. Rxf6+ Kh7 42. Rf8 Rg8 43. Rxg8 Kxg8 44. Kg5 1-0

[Event "CYCC U10"]
[Site "Ottawa CAN"]
[Date "2007.07.03"]
[Round "2"]
[White "Jensen, Jacob"]
[Black "Lai, Peter"]
[Result "0-1"]
[WhiteElo "1335"]
[BlackElo "1549"]
[PlyCount "93"]
[GameId "2160767910650711"]
[EventDate "2007.07.03"]
[EventType "swiss"]
[EventRounds "7"]
[EventCountry "CAN"]

1. c4 c5 2. Nf3 Nf6 3. Nc3 Nc6 4. g3 g6 5. Bg2 Bg7 6. O-O O-O 7. d3 d6 8. e3 Be6 9. Qe2 Qb6 10. Qc2 Nb4 11. Qd2 Rad8 12. a3 Nc6 13. Ng5 Bf5 14. Rb1 h6 15. Nf3 Ng4 16. h3 Nge5 17. Nxe5 Nxe5 18. Nd5 Qb3 19. Nxe7+ Kh7 20. Nxf5 gxf5 21. Rd1 b5 22. f4 Nd7 23. cxb5 Qxb5 24. Qc2 Nb6 25. Bd2 Rfe8 26. Re1 Na4 27. b3 Nb2 28. d4 Nd3 29. Bf1 c4 30. bxc4 Nxe1 31. Bxe1 Qd7 32. Bf2 Kg8 33. Bd3 Qc6 34. Bxf5 Qa6 35. Qa2 Rb8 36. Rxb8 Rxb8 37. c5 dxc5 38. dxc5 Qc6 39. e4 Bf8 40. Bh7+ Kxh7 41. Qxf7+ Bg7 42. Bd4 Rb7 43. Qf5+ Kg8 44. Bxg7 Kxg7 45. Qe5+ Qf6 46. Qd5 Rb1+ 47. Kg2 0-1

[Event "CYCC U10"]
[Site "Ottawa CAN"]
[Date "2007.07.03"]
[Round "2"]
[White "Knox, Christopher"]
[Black "Sabaratnam, Thiruvaran"]
[Result "1-0"]
[WhiteElo "1995"]
[BlackElo "1464"]
[PlyCount "61"]
[GameId "2160767910650713"]
[EventDate "2007.07.03"]
[EventType "swiss"]
[EventRounds "7"]
[EventCountry "CAN"]
[SourceTitle "EXT 2022"]
[Source "ChessBase"]
[SourceDate "2021.10.06"]
[SourceVersion "1"]
[SourceVersionDate "2021.10.06"]
[SourceQuality "1"]

1. d4 d5 2. c4 e6 3. Nc3 Nf6 4. cxd5 exd5 5. Bg5 Be7 6. e3 O-O 7. Bd3 h6 8. Bxf6 Bxf6 9. Qc2 Be6 10. a3 Nc6 11. Nge2 a6 12. O-O Re8 13. b4 b5 14. Nxb5 Nxb4 15. axb4 axb5 16. Bxb5 Rxa1 17. Rxa1 Bd7 18. Bc6 Bxc6 19. Qxc6 Kh7 20. Nf4 Bg5 21. Nxd5 Re6 22. Qc2+ g6 23. Qxc7 Qxc7 24. Nxc7 Rc6 25. Nd5 Rd6 26. Ra5 Rc6 27. Rc5 Ra6 28. g3 Kg7 29. f4 Bd8 30. b5 Rd6 31. Kf2 1-0

[Event "CYCC U10"]
[Site "Ottawa CAN"]
[Date "2007.07.03"]
[Round "2"]
[White "Lai, Jonathan"]
[Black "Levesque, Brale"]
[Result "1-0"]
[WhiteElo "1473"]
[BlackElo "1224"]
[PlyCount "69"]
[GameId "2160767910650714"]
[EventDate "2007.07.03"]
[EventType "swiss"]
[EventRounds "7"]
[EventCountry "CAN"]
[SourceTitle "EXT 2022"]
[Source "ChessBase"]
[SourceDate "2021.10.06"]
[SourceVersion "1"]
[SourceVersionDate "2021.10.06"]
[SourceQuality "1"]

1. e4 e5 2. Nf3 f6 3. Nxe5 fxe5 4. Qh5+ Ke7 5. Qxe5+ Kf7 6. Bc4+ Kg6 7. Qf5+ Kh6 8. d4+ g5 9. h4 d5 10. Bxg5+ Kg7 11. Qe5+ Nf6 12. Bxd5 Bd6 13. Bxf6+ Qxf6 14. Qxf6+ Kxf6 15. e5+ Bxe5 16. dxe5+ Kxe5 17. Nc3 c6 18. Bb3 Na6 19. f4+ Kxf4 20. O-O+ Kg4 21. Rad1 c5 22. Ne4 Re8 23. Nf6+ Kxh4 24. Nxe8 Bd7 25. Rxd7 Rxe8 26. Rxh7+ Kg5 27. Rhf7 Kg6 28. R1f6+ Kg5 29. Rf5+ Kg6 30. Rf3 Rg8 31. Rg3+ Kh6 32. Rxg8 c4 33. Rf3 Kh7 34. Bxc4 Nb8 35. Rh3# 1-0

[Event "CYCC U10"]
[Site "Ottawa CAN"]
[Date "2007.07.03"]
[Round "2"]
[White "Leu, Steven"]
[Black "Luo, Zhao Yang"]
[Result "0-1"]
[WhiteElo "1530"]
[BlackElo "1795"]
[PlyCount "96"]
[GameId "2160767910650715"]
[EventDate "2007.07.03"]
[EventType "swiss"]
[EventRounds "7"]
[EventCountry "CAN"]
[SourceTitle "EXT 2022"]
[Source "ChessBase"]
[SourceDate "2021.10.06"]
[SourceVersion "1"]
[SourceVersionDate "2021.10.06"]
[SourceQuality "1"]

1. e4 e5 2. Nf3 Nc6 3. Bb5 a6 4. Bxc6 dxc6 5. O-O Bd6 6. d3 Nf6 7. Bg5 h6 8. Bh4 O-O 9. Re1 Bg4 10. Nbd2 Re8 11. h3 Bh5 12. Qe2 Qe7 13. c3 Rad8 14. Kh1 Qe6 15. Qe3 Be7 16. d4 Nd7 17. Bg3 Bf6 18. Kh2 Rc8 19. b3 Qe7 20. Kh1 c5 21. dxe5 Nxe5 22. Nxe5 Bxe5 23. Bxe5 Qxe5 24. Nc4 Qe7 25. f4 b5 26. Nd2 Rcd8 27. f5 f6 28. g4 Bf7 29. Nf3 c4 30. b4 Rd3 31. Qe2 Rxc3 32. a3 g6 33. Kg2 gxf5 34. gxf5 Bh5 35. Rf1 Qxe4 36. Qxe4 Rxe4 37. Rad1 Ree3 38. Rd8+ Kf7 39. Ng1 Ke7 40. Rh8 Be2 41. Re1 Bh5 42. Rf1 Rxa3 43. Rxh6 Be8 44. Rd1 Rad3 45. Rh7+ Kd6 46. Rf1 Rd2+ 47. Rf2 Bc6+ 48. Kh2 Rxf2# 0-1

[Event "CYCC U10"]
[Site "Ottawa CAN"]
[Date "2007.07.03"]
[Round "2"]
[White "Liu, Steven2"]
[Black "Brichko, Michael"]
[Result "1-0"]
[WhiteElo "1561"]
[BlackElo "1364"]
[PlyCount "123"]
[GameId "2160767910650716"]
[EventDate "2007.07.03"]
[EventType "swiss"]
[EventRounds "7"]
[EventCountry "CAN"]
[SourceTitle "EXT 2022"]
[Source "ChessBase"]
[SourceDate "2021.10.06"]
[SourceVersion "1"]
[SourceVersionDate "2021.10.06"]
[SourceQuality "1"]

1. e4 e5 2. Nf3 Nc6 3. Bc4 Bc5 4. c3 d6 5. d4 exd4 6. cxd4 Bb6 7. O-O Nf6 8. Nc3 Bg4 9. d5 Ne5 10. Be2 Bxf3 11. Bxf3 h6 12. Bf4 Nfd7 13. Be2 a6 14. Na4 Ba7 15. Rc1 Rc8 16. b3 Ng6 17. Bg3 O-O 18. Bg4 Re8 19. Re1 Nge5 20. Bxe5 Rxe5 21. Qf3 Rb8 22. Qc3 Nc5 23. Nxc5 Bxc5 24. Qb2 Qh4 25. Rxc5 Qxg4 26. f3 Qd7 27. Rc4 c5 28. dxc6 bxc6 29. Rd1 Qc7 30. Rdc1 Qb6+ 31. Kf1 Rc5 32. Rxc5 dxc5 33. Qc3 Qb5+ 34. Qc4 Qxc4+ 35. Rxc4 Rb5 36. Ke2 Kf8 37. Ke3 Ke7 38. e5 Ke6 39. Ke4 Rb4 40. Rxb4 cxb4 41. f4 f5+ 42. Kd4 g5 43. g3 h5 44. fxg5 h4 45. g6 a5 46. Kc5 Kxe5 47. g7 Ke4 48. g8=Q Kd3 49. Qc4+ Ke3 50. Kxc6 hxg3 51. hxg3 Kf3 52. Qf4+ Ke2 53. g4 fxg4 54. Qg3 Kd2 55. Kc5 Kc2 56. Qe3 Kb2 57. Qd2+ Ka3 58. Qc1+ Kxa2 59. Kb5 a4 60. Kxb4 axb3 61. Qd2+ b2 62. Kc3 1-0

[Event "CYCC U10"]
[Site "Ottawa CAN"]
[Date "2007.07.03"]
[Round "2"]
[White "Patenaude, Roch"]
[Black "Dumais, Jean Philippe"]
[Result "0-1"]
[WhiteElo "999"]
[BlackElo "1153"]
[PlyCount "60"]
[GameId "2160767910650717"]
[EventDate "2007.07.03"]
[EventType "swiss"]
[EventRounds "7"]
[EventCountry "CAN"]
[SourceTitle "EXT 2022"]
[Source "ChessBase"]
[SourceDate "2021.10.06"]
[SourceVersion "1"]
[SourceVersionDate "2021.10.06"]
[SourceQuality "1"]

1. e4 e5 2. c4 Nc6 3. b4 Nf6 4. b5 Nd4 5. Bb2 Bc5 6. f4 exf4 7. Qa4 O-O 8. Ba3 Bxa3 9. Qxa3 Nc2+ 10. Kd1 Nxa3 11. Nxa3 Nxe4 12. Bd3 Nf2+ 13. Ke2 Nxh1 14. Rf1 Qe8+ 15. Kd1 Qe5 16. g3 Qa1+ 17. Kc2 Qxf1 18. Bxf1 fxg3 19. Bg2 gxh2 20. Bxh1 hxg1=Q 21. Be4 Qc5 22. Kb3 Re8 23. Bc2 d5 24. Nb1 Qxc4+ 25. Kb2 Re1 26. Na3 Qb4+ 27. Bb3 Qxd2+ 28. Nc2 Qc1+ 29. Kc3 a6 30. bxa6 Rxa6 0-1

[Event "CYCC U10"]
[Site "Ottawa CAN"]
[Date "2007.07.03"]
[Round "2"]
[White "Sharma, Pranav"]
[Black "Leveille, Francois1"]
[Result "1-0"]
[WhiteElo "1117"]
[BlackElo "988"]
[PlyCount "51"]
[GameId "2160767910650719"]
[EventDate "2007.07.03"]
[EventType "swiss"]
[EventRounds "7"]
[EventCountry "CAN"]
[SourceTitle "EXT 2022"]
[Source "ChessBase"]
[SourceDate "2021.10.06"]
[SourceVersion "1"]
[SourceVersionDate "2021.10.06"]
[SourceQuality "1"]

1. e4 e5 2. Nf3 Nc6 3. Nc3 Nf6 4. Bc4 Nd4 5. d3 Nxf3+ 6. Qxf3 d6 7. Bg5 Bg4 8. Qe3 h6 9. Bh4 g5 10. Bg3 Nh5 11. O-O Bg7 12. h3 Nxg3 13. Qxg3 Be6 14. Bxe6 fxe6 15. Qg4 Qe7 16. Ne2 d5 17. exd5 exd5 18. d4 O-O 19. Rfe1 exd4 20. Nxd4 Qb4 21. Qe6+ Kh7 22. Nf5 Bxb2 23. Qd7+ Kh8 24. Re7 Bf6 25. Rh7+ Kg8 26. Nxh6# 1-0

[Event "CYCC U10"]
[Site "Ottawa CAN"]
[Date "2007.07.03"]
[Round "2"]
[White "Sreeraman, Shreyas"]
[Black "Blair, Jeffrey"]
[Result "0-1"]
[WhiteElo "1061"]
[BlackElo "1065"]
[PlyCount "128"]
[GameId "2160767910650720"]
[EventDate "2007.07.03"]
[EventType "swiss"]
[EventRounds "7"]
[EventCountry "CAN"]
[SourceTitle "EXT 2022"]
[Source "ChessBase"]
[SourceDate "2021.10.06"]
[SourceVersion "1"]
[SourceVersionDate "2021.10.06"]
[SourceQuality "1"]

1. e4 e5 2. Nf3 Nc6 3. Bb5 d6 4. Nc3 Nf6 5. O-O Be7 6. d3 O-O 7. Bg5 h6 8. Bh4 a6 9. Bxc6 bxc6 10. Re1 d5 11. exd5 cxd5 12. Nxe5 d4 13. Ne2 Bd6 14. Nf3 Bc5 15. Qd2 Bg4 16. Qa5 Bb6 17. Qa4 Bxf3 18. gxf3 Re8 19. Kh1 a5 20. Bxf6 Qxf6 21. Nxd4 Rxe1+ 22. Rxe1 Qxd4 23. Re8+ Rxe8 24. Qxe8+ Kh7 25. Qe4+ Qxe4 26. fxe4 Bxf2 27. c3 Kg6 28. Kg2 Bb6 29. Kf3 Kf6 30. Kf4 g5+ 31. Kg4 Be3 32. h4 gxh4 33. Kxh4 Bc1 34. b3 Bd2 35. d4 Bxc3 36. e5+ Ke6 37. Kg4 Bxd4 38. Kf4 Bxe5+ 39. Kg4 Kd5 40. a3 c5 41. Kh5 c4 42. bxc4+ Kxc4 43. Kxh6 Kb3 44. a4 Kxa4 45. Kh7 Kb4 46. Kg8 a4 47. Kxf7 a3 48. Ke6 a2 49. Kxe5 a1=Q+ 50. Kd5 Qc3 51. Ke4 Qd2 52. Ke5 Qd3 53. Kf4 Qd5 54. Ke3 Qc4 55. Kf3 Qd4 56. Ke2 Qc3 57. Kf2 Qd3 58. Ke1 Qc2 59. Kf1 Qd2 60. Kg1 Qe2 61. Kh1 Kc3 62. Kg1 Kd3 63. Kh1 Ke3 64. Kg1 Kf3 0-1

[Event "CYCC U10"]
[Site "Ottawa CAN"]
[Date "2007.07.03"]
[Round "2"]
[White "Tremblay, Kevin"]
[Black "Zhao, Donovan"]
[Result "0-1"]
[WhiteElo "1293"]
[BlackElo "1487"]
[PlyCount "52"]
[GameId "2160767910650722"]
[EventDate "2007.07.03"]
[EventType "swiss"]
[EventRounds "7"]
[EventCountry "CAN"]
[SourceTitle "EXT 2022"]
[Source "ChessBase"]
[SourceDate "2021.10.06"]
[SourceVersion "1"]
[SourceVersionDate "2021.10.06"]
[SourceQuality "1"]

1. e4 e5 2. Nf3 Nc6 3. Bc4 Bc5 4. b4 Bxb4 5. c3 Bc5 6. d4 exd4 7. cxd4 Bb4+ 8. Bd2 Bxd2+ 9. Qxd2 d6 10. Nc3 Nf6 11. O-O O-O 12. Rfe1 Bg4 13. Rad1 Bxf3 14. gxf3 Re8 15. d5 Ne5 16. Bb5 Nxf3+ 17. Kg2 Nxd2 18. Bxe8 Qxe8 19. Rxd2 Qe5 20. Nb5 Qg5+ 21. Kf1 Qxd2 22. Nxc7 Rc8 23. Nb5 Qd3+ 24. Kg1 Qxb5 25. Kh1 Nxe4 26. Rxe4 Qf1# 0-1